| 000 | 00410nam a2200169Ia 4500 | ||
|---|---|---|---|
| 100 | _aAltekar/Rahul V | ||
| 650 | _aSupply Chain Management | ||
| 942 | _cBK | ||
| 366 | _f25 | ||
| 654 | _asupply chain management | ||
| 245 | _aSupply Chain Management:Concepts and cases | ||
| 260 |
_bPrentice Hall of India _c2005 |
||
| 082 |
_a658.7 _bMOH |
||
| 300 | _a453 | ||
| 546 |
_aENGLISH _cInfo.Tech |
||
| 999 |
_c34474 _d34474 |
||